[Event "Challenge"]
[Site "http://www.queenalice.com/game.php?id=175889"]
[Date "2007.3.1"]
[Round "-"]
[White "aquinogyn"]
[Black "Renatochess"]
[Result "1-0"]
[WhiteElo "1673"]
[BlackElo "1566"]

1. d4 d5 2. Nf3 Nc6 3. g3 Bg4 4. Bg2 Nf6 5. O-O Qd7 6. a3 Bh3 7. Nc3 Qf5 8. Nb5
Qd7 9. Bxh3 Qxh3 10. Nxc7+ Kd7 11. Nxa8 e6 12. Bf4 Bd6 13. Bxd6 Kxd6 14. Qd2
Rxa8 15. Qg5 Qg4 16. Qxg4 Nxg4 17. c3 f6 18. Rac1 e5 19. h3 e4 20. hxg4 exf3 21.
exf3 g6 22. Rfe1 Rh8 23. Re2 h5 24. Rce1 Nd8 25. Re8 Rh7 26. Rxd8+ Kc7 27. Rxd5
f5 28. gxh5 gxh5 29. Rxf5 b6 30. Rfe5 Kb7 31. Re7+ Rxe7 32. Rxe7+ Ka6 33. f4 b5
34. f5 h4 35. f6 hxg3 36. fxg3 Kb6 37. f7 b4 38. f8=Q a5 39. Re5 bxa3 40. Qc5+
Kb7 41. Re6 Kb8 42. Qc6 a2 43. Re8+ Ka7 44. Ra8# 1-0

[Event "Challenge"]
[Site "http://www.queenalice.com/game.php?id=176464"]
[Date "2007.3.3"]
[Round "-"]
[White "Renatochess"]
[Black "jose50"]
[Result "0-1"]
[WhiteElo "1500"]
[BlackElo "1498"]

1. e4 e5 2. Nf3 d6 3. Nc3 Nf6 4. Bb5+ c6 5. Bc4 Be6 6. d3 Nbd7 7. Bg5 h6 8. Bxf6
Nxf6 9. Bxe6 fxe6 10. Nh4 Qd7 11. Qf3 O-O-O 12. Ng6 Rg8 13. Na4 Qf7 14. Qg3 Nh5
15. Qg4 Nf4 16. O-O-O Nxg6 17. f3 Kb8 18. d4 exd4 19. e5 dxe5 20. Rhe1 Bd6 21.
Qh5 Qf5 22. Qh3 Qg5+ 23. Kb1 Nf4 24. Qg4 b5 25. h4 Qxg4 26. fxg4 bxa4 27. a3
Nxg2 28. Rh1 Ne3 29. Rd3 c5 30. c3 c4 31. Rd2 d3 32. Re1 Nxg4 33. Re4 Nf6 34.
Rxc4 e4 35. Rxe4 Nxe4 36. Rxd3 Nc5 37. Rd4 e5 38. Rd1 e4 39. b4 Nb3 40. Kc2 e3
41. c4 Bf4 42. Rxd8+ Rxd8 43. c5 Rd2+ 44. Kc3 e2 45. b5 e1=Q 46. Kc4 Rd4# 0-1

[Event "AUTO-INT-368"]
[Site "http://www.queenalice.com/game.php?id=176729"]
[Date "2007.3.4"]
[Round "1"]
[White "Renatochess"]
[Black "rupam"]
[Result "1/2-1/2"]
[WhiteElo "1445"]
[BlackElo "1506"]

1. e4 e5 2. Nf3 d6 3. Bb5+ c6 4. Ba4 Qf6 5. h3 Nd7 6. Nc3 Be7 7. d3 Nb6 8. Bb3
h6 9. g3 g6 10. d4 exd4 11. Nxd4 Qg7 12. g4 Bh4 13. Nf3 Bf6 14. Qxd6 Be7 15. Qc7
Bd8 16. Qd6 Bd7 17. e5 Nc8 18. Qd4 Nge7 19. Qe4 O-O 20. g5 Nf5 21. h4 h5 22. Bd2
b5 23. O-O-O Nb6 24. e6 Be8 25. Nxb5 cxb5 26. Be3 Rb8 27. Ne5 fxe6 28. Bxe6+ Kh8
29. Bf4 Qe7 30. Nc6 Bxc6 31. Qe5+ Ng7 32. Rhe1 Rb7 33. Qd4 Rxf4 34. Qxf4 Nxe6
35. Qe5+ Ng7 36. f4 Qxe5 37. Rxe5 Bc7 38. Rc5 Bxf4+ 39. Kb1 Bd7 40. Rf1 Be3 41.
Re5 Nc4 42. Rf8+ Kh7 43. Re7 Bc5 44. Rff7 Bxe7 45. Rxe7 Nd6 46. b3 Nf5 47. Re4
Bc6 48. Rf4 Re7 49. Rf1 Nd4 50. Rd1 Ndf5 51. c4 bxc4 52. bxc4 Rb7+ 53. Kc2 Ba4+
54. Kc1 Rb4 55. a3 Rxc4+ 56. Kb2 Bxd1 57. a4 Bxa4 58. Ka3 Bc2 59. Kb2 Nd4 60.
Kc1 Ba4+ 61. Kb2 a5 62. Ka3 Rb4 63. Ka2 Bc2 64. Ka1 Bb1 1/2-1/2

[Event "AUTO-INT-368"]
[Site "http://www.queenalice.com/game.php?id=176730"]
[Date "2007.3.4"]
[Round "1"]
[White "rupam"]
[Black "Renatochess"]
[Result "1-0"]
[WhiteElo "1510"]
[BlackElo "1529"]

1. e4 Nf6 2. Nc3 e5 3. Bc4 d6 4. d3 Bg4 5. Nf3 c6 6. Qd2 h6 7. Bb3 Qb6 8. Qe2
Be7 9. h3 Bh5 10. Be3 Qb4 11. O-O d5 12. a3 Qa5 13. Bd2 Qc5 14. Rae1 d4 15. Na4
Qb5 16. Qd1 O-O 17. Qc1 Nbd7 18. c4 Qa6 19. Bc2 b5 20. cxb5 cxb5 21. Nc5 Nxc5
22. Nxe5 Qd6 23. Bf4 Rac8 24. Qd2 Bd8 25. Nf3 Qc6 26. Nxd4 Qd7 27. Nf5 Re8 28.
Bxh6 Ne6 29. Be3 a5 30. g4 Bxg4 31. hxg4 Nxg4 32. Bb1 Qc7 33. f3 Nxe3 34. Qxe3
Nf4 35. Rc1 Ne2+ 36. Qxe2 Qb6+ 37. Kg2 Qg6+ 38. Kf2 Bb6+ 39. d4 Rcd8 40. Rcd1
Re6 41. Rg1 Qf6 42. Qe3 Kf8 43. Rxg7 Rd5 44. Rg5 Bd8 45. Rdg1 Ke8 46. Ba2 Rdd6
47. e5 Qh8 48. Rg8+ Qxg8 49. Rxg8+ Kd7 50. Bxe6+ fxe6 51. Nxd6 Bh4+ 52. Ke2 Be7
53. Nxb5 Kc6 54. a4 Bb4 55. Rd8 1-0

[Event "AUTO-INT-368"]
[Site "http://www.queenalice.com/game.php?id=176731"]
[Date "2007.3.4"]
[Round "1"]
[White "Renatochess"]
[Black "alexcamargo"]
[Result "1-0"]
[WhiteElo "1366"]
[BlackElo "1488"]

1. e4 e5 2. Nc3 Nf6 3. Nf3 Nc6 4. d4 d6 5. Bg5 Be7 6. Bb5 Bd7 7. d5 Nb4 8. a3
Bxb5 9. Nxb5 Na6 10. c3 Nc5 11. b4 Ncxe4 12. O-O h6 13. Qa4 O-O 14. Bh4 Nxd5 15.
Qb3 Bxh4 16. Qxd5 Nxf2 17. g3 Bxg3 18. hxg3 Ng4 19. Qxb7 Rb8 20. Qe4 Rxb5 21. c4
Nf6 22. Qf5 g6 23. Qh3 Rb8 24. Qxh6 Ng4 25. Qh3 Kg7 26. Qxg4 Qe7 27. Nh4 c5 28.
Nf5+ Kf6 29. Nxe7+ Kxe7 30. bxc5 dxc5 31. Rad1 Rh8 32. Rd7+ Kf8 33. Rfxf7+ Kg8
34. Qxg6# 1-0

[Event "AUTO-INT-368"]
[Site "http://www.queenalice.com/game.php?id=176732"]
[Date "2007.3.4"]
[Round "1"]
[White "alexcamargo"]
[Black "Renatochess"]
[Result "1/2-1/2"]
[WhiteElo "1477"]
[BlackElo "1483"]

1. e4 Nf6 2. Nc3 e5 3. Nf3 Nc6 4. Bb5 Bb4 5. O-O d6 6. h3 a6 7. Bxc6+ bxc6 8. a3
Bxc3 9. dxc3 Nxe4 10. Re1 Bf5 11. Nd2 Ng5 12. b4 Qf6 13. Nc4 Qg6 14. g3 Nxh3+
15. Kh2 Nxf2 16. Qf3 Ng4+ 17. Kg2 h5 18. Qxc6+ Ke7 19. Qxc7+ Kf6 20. Qxd6+ Be6
21. Rf1+ Qf5 22. Rxf5+ Kxf5 23. Qd2 Bxc4 24. Qg5+ Ke6 25. Be3 Bd5+ 26. Kf1 Rh7
27. Bc5 f6 28. Qd2 Rd8 29. Qe2 Ra8 30. c4 Bc6 31. Rd1 Rc8 32. a4 f5 33. b5 axb5
34. axb5 Bxb5 35. cxb5 Rxc5 36. Qd2 Rxb5 37. Qd6+ Kf7 38. Qd7+ Kf6 39. Rd6+ Kg5
40. Qxb5 Ne3+ 41. Kf2 Nxc2 42. Qxe5 h4 43. Qe7+ Kg4 44. Rg6+ Kh3 45. Rxg7 f4 46.
Qe6+ Kh2 47. Rxh7 fxg3+ 48. Kf3 Nd4+ 49. Kg4 Nxe6 50. Rxh4+ Kg2 51. Rh3 Ng5 52.
Rxg3+ Kf2 53. Kf4 Ne6+ 54. Kg4 Nd4 55. Ra3 Ne2 56. Ra2 Ke3 57. Kh3 Nf4+ 58. Kg3
Nh5+ 59. Kg2 Nf4+ 60. Kg3 Nh5+ 61. Kh3 Nf4+ 62. Kg4 Ne2 63. Ra3+ Kd4 64. Kf3 Nc3
65. Kf4 Ne2+ 66. Kf3 Nc1 67. Ra7 Ke5 68. Ke3 Nb3 69. Re7+ Kd6 70. Re4 Nc5 71.
Rd4+ Ke6 72. Kf4 Nb3 73. Rd3 Nc5 74. Rc3 Na4 75. Rc4 Nb2 76. Rc6+ Kd5 77. Ra6
Nd3+ 78. Ke3 Kc4 79. Ra4+ Kb3 80. Rd4 Ne1 81. Rd2 Nc2+ 82. Kd3 Nb4+ 83. Kd4 Nc6+
84. Kc5 Kc3 85. Rd7 Ne5 86. Rd8 Nf3 87. Kd5 Nd4 88. Ke4 Ne6 89. Rd6 Ng5+ 90. Ke3
Kc4 91. Kf4 Kc5 92. Rd8 Ne6+ 93. Kf5 Nxd8 94. Kf6 Kd5 95. Kf5 Ne6 96. Kg4 Ke4
1/2-1/2

[Event "AUTO-INT-368"]
[Site "http://www.queenalice.com/game.php?id=176733"]
[Date "2007.3.4"]
[Round "1"]
[White "Renatochess"]
[Black "mast"]
[Result "1-0"]
[WhiteElo "1497"]
[BlackElo "1509"]

1. e4 e5 2. Nc3 c6 3. Nf3 Qc7 4. d4 d6 5. Bc4 Be6 6. Bxe6 fxe6 7. Bg5 Be7 8. Qd2
Nd7 9. O-O-O Qd8 10. dxe5 dxe5 11. Nxe5 Bxg5 12. f4 Nxe5 13. fxg5 Qxd2+ 14. Rxd2
Nc4 15. Rd3 Ne7 16. Rhd1 O-O 17. h4 Ne5 18. Rd6 Nc4 19. Rxe6 Ng6 20. g3 Rf7 21.
h5 Ne7 22. g6 hxg6 23. hxg6 Nxg6 24. Rxg6 Raf8 25. b3 Ne5 26. Rg5 Nf3 27. Rh5
Rf6 28. Rd7 Rh6 29. g4 Rf7 30. Rd8+ Kh7 31. Rf5 Rhf6 32. Ra5 a6 33. e5 Re6 34.
Ne4 Rxe5 35. Rxe5 Nxe5 36. Ng5+ Kg6 37. Nxf7 Kxf7 38. g5 g6 39. Rd1 Ke7 40. Re1
Kd6 41. Rd1+ Ke7 42. Re1 Ke6 43. Rf1 Ng4 44. Rf4 Ne3 45. Re4+ Kf5 46. Rxe3 Kxg5
47. Re7 Kf4 48. Rxb7 g5 49. Rb6 g4 50. Rxc6 g3 51. Rxa6 g2 52. Rg6 Kf3 53. a4
Kf2 54. c4 g1=Q+ 55. Rxg1 1-0

[Event "AUTO-INT-368"]
[Site "http://www.queenalice.com/game.php?id=176734"]
[Date "2007.3.4"]
[Round "1"]
[White "mast"]
[Black "Renatochess"]
[Result "1/2-1/2"]
[WhiteElo "1502"]
[BlackElo "1579"]

1. e4 e5 2. Nf3 Nf6 3. Nc3 Nc6 4. a3 d5 5. Bb5 dxe4 6. Bxc6+ bxc6 7. Ng5 Bg4 8.
f3 exf3 9. gxf3 Qd4 10. fxg4 Nxg4 11. Nge4 f5 12. d3 Be7 13. Qe2 Bh4+ 14. Ng3
O-O 15. Bd2 f4 16. Qxg4 Bxg3+ 17. hxg3 Rae8 18. O-O-O f3 19. Qxd4 exd4 20. Ne4
Rb8 21. Rdf1 h6 22. Nc5 Rb5 23. b4 g5 24. Rxh6 g4 25. Rxc6 Rf7 26. Bf4 a5 27.
Rxc7 Rf5 28. Nb3 axb4 29. Nxd4 Rxf4 30. Nxb5 Rf5 31. Nd4 Re5 32. Rb7 Rh5 33.
Rxb4 Rg5 34. Ne6 Rg6 35. Nd8 Rg5 36. Rb7 Re5 37. c4 Re3 38. Rd7 Re2 39. Kd1 Re8
40. d4 Kf8 41. Ne6+ Rxe6 42. Kd2 Re2+ 43. Kd3 Rg2 44. Ke3 Rxg3 45. Rd5 Ke7 46.
Rg5 Kd6 47. Kf4 Rh3 48. Rxg4 f2 49. Rg3 Rh4+ 50. Ke3 Kc6 51. Rxf2 Rh6 52. Rg5
Re6+ 53. Kd3 Kb6 54. Rb2+ Kc6 55. d5+ Kd6 56. Rb6+ Kc5 57. Rxe6 1/2-1/2

[Event "Challenge"]
[Site "http://www.queenalice.com/game.php?id=186989"]
[Date "2007.3.24"]
[Round "-"]
[White "marcosap"]
[Black "Renatochess"]
[Result "0-1"]
[WhiteElo "1185"]
[BlackElo "1435"]

1. e4 e5 2. Nf3 Nc6 3. Nc3 Nf6 4. d3 Bb4 5. a3 Ba5 6. Be3 d5 7. exd5 Nxd5 8. Bg5
Qd6 9. Qe2 Bg4 10. b4 Nxc3 11. Qd2 Ne4 12. Qe3 Nc3 13. a4 Bxb4 14. d4 Ne4+ 15.
Ke2 Nd2 16. c3 Nc4 17. Qd3 Nb2 18. Qc2 Bxc3 19. Qxc3 Nxd4+ 20. Ke1 Qg6 21. Qxb2
Qe4+ 22. Be2 Bxf3 23. gxf3 Nxf3+ 24. Kf1 O-O 25. Be3 Qf5 26. Qxb7 Qh3# 0-1

[Event "Challenge"]
[Site "http://www.queenalice.com/game.php?id=189295"]
[Date "2007.3.29"]
[Round "-"]
[White "Renatochess"]
[Black "t0shiz"]
[Result "1-0"]
[WhiteElo "1566"]
[BlackElo "1100"]

1. e4 d5 2. Nc3 Nf6 3. d3 c6 4. d4 dxe4 5. Nxe4 Nxe4 6. Qf3 Qxd4 7. Be3 Qxb2 8.
Rd1 Qb4+ 9. Bd2 f6 10. Bxb4 Ng5 11. Qd3 Nd7 12. Be2 a5 13. Bc5 Nf7 14. Bh5 g6
15. Bg4 Nxc5 16. Qe2 f5 17. Bf3 h5 18. Nh3 Ne6 19. O-O Nfg5 20. Nxg5 Nxg5 21.
Qe5 Rg8 22. Qc7 Nf7 23. Bxc6+ bxc6 24. Qxc6+ 1-0

[Event "Invitation"]
[Site "http://www.queenalice.com/game.php?id=189594"]
[Date "2007.3.29"]
[Round "-"]
[White "bixiga"]
[Black "Renatochess"]
[Result "0-1"]
[WhiteElo "1100"]
[BlackElo "1457"]

1. b4 Nc6 2. Ba3 e5 3. c3 Qf6 4. d3 Nh6 5. Nf3 d5 6. e4 d4 7. Qb3 Bg4 8. Nbd2
Be7 9. b5 Na5 10. Qa4 b6 11. cxd4 exd4 12. e5 Qe6 13. Rc1 Qxa2 14. Nb1 Bxf3 15.
gxf3 Bh4 16. Qxd4 Nf5 17. Qf4 g6 18. e6 Qxf2+ 19. Kd1 Ne3+ 20. Qxe3 Qxe3 21. Nd2
fxe6 22. Bb2 O-O 23. Rxc7 Rxf3 24. Bg2 Bg5 25. Bc1 Qxd3 26. Bxf3 Rd8 27. Be2
Qb3+ 28. Ke1 Bh4+ 29. Kf1 Qe3 30. Kg2 Qxe2+ 31. Kh3 g5 32. Nf1 Rd3+ 33. Ng3 Rf3
34. Rg1 Qf2 35. Rg2 Qf1 36. Bb2 h5 37. Rc8+ Kf7 38. Rc7+ Kg6 39. Rg7+ Kh6 40.
Rxg5 Kxg5 41. Be5 Kg6 42. Bb8 Qc4 43. Rg1 Qg4+ 44. Kg2 e5 45. Bxe5 Nc4 46. Bd4
Bxg3 47. Kh1 Qh3 48. Rxg3+ Rxg3 49. Be5 Qg2# 0-1

[Event "Rage"]
[Site "http://www.queenalice.com/game.php?id=192468"]
[Date "2007.4.5"]
[Round "-"]
[White "Renatochess"]
[Black "Adilson_Feitoza"]
[Result "0-1"]
[WhiteElo "1482"]
[BlackElo "1723"]

1. e4 e5 2. Qf3 Nc6 3. Bc4 Nf6 4. d3 Nd4 5. Qd1 Nc6 6. Bg5 h6 7. Bh4 g5 8. Bg3
d6 9. h3 Na5 10. Bd5 Bg7 11. Nc3 c6 12. Bc4 O-O 13. Bxf7+ Rxf7 14. b4 d5 15.
exd5 Nxd5 16. Nxd5 Qxd5 17. Nf3 e4 18. Nxg5 Bc3+ 19. Kf1 Qxg5 20. f3 exf3 21.
gxf3 Qxg3 22. Qe1 Qxf3+ 23. Kg1 Bxe1 24. Rxe1 Qf2# 0-1

[Event "Static"]
[Site "http://www.queenalice.com/game.php?id=195922"]
[Date "2007.4.12"]
[Round "-"]
[White "Renatochess"]
[Black "Adilson_Feitoza"]
[Result "0-1"]
[WhiteElo "1468"]
[BlackElo "1739"]

1. e4 e5 2. Nc3 Nf6 3. Nf3 Bb4 4. Nxe5 Qe7 5. Nf3 O-O 6. Bc4 d5 7. Nxd5 Nxd5 8.
Bxd5 c6 9. Bc4 Qxe4+ 10. Be2 Re8 11. Nd4 Qxg2 12. f4 Bh3 13. Ne6 Rxe6 14. f5
Qxh1+ 15. Kf2 Qg2+ 16. Ke1 Qg1# 0-1

[Event "Melhor de 5!!! 4/5 2x1"]
[Site "http://www.queenalice.com/game.php?id=199699"]
[Date "2007.4.20"]
[Round "-"]
[White "Adilson_Feitoza"]
[Black "Renatochess"]
[Result "1-0"]
[WhiteElo "1793"]
[BlackElo "1430"]

1. e4 e5 2. Nf3 Nc6 3. Bb5 Bb4 4. c3 Ba5 5. Qa4 Qe7 6. Bxc6 Bb6 7. Bd5 Qc5 8.
O-O Nf6 9. Nxe5 O-O 10. d4 Qe7 11. Bg5 d6 12. Nc4 Bd7 13. Bxf6 gxf6 14. Qc2 c6
15. Nxb6 axb6 16. Bc4 f5 17. exf5 Bxf5 18. Qxf5 Kh8 19. Bd3 Qh4 20. Nd2 Rg8 21.
Nc4 1-0